Overseas Regions and Territories of France in North America - Statistics

General Stats
  • This quiz has been taken 16 times
  • The average score is 4 of 5
Answer Stats
Hint Answer % Correct
Region Guadeloupe
92%
Region Martinique
92%
Territory Saint Barthélemy
69%
Territory Saint Pierre and Miquelon
62%
Territory Saint Martin
54%
No matching quizzes found
Score Distribution
Percent of People with Each Score
Percentile by Number Answered
Your Score History
You have not taken this quiz